W o el recuerdo de la infancia
Saved in:
| Hovedforfatter: | |
|---|---|
| Format: | Bog |
| Sprog: | spansk |
| Udgivet: |
Barcelona
Penísula
1987
|
| Serier: | Narrativa, 3
|
| Fag: | |
| Tags: |
Tilføj Tag
Ingen Tags, Vær først til at tagge denne postø!
|
MARC
| LEADER | 00000nam a2200000 a 4500 | ||
|---|---|---|---|
| 001 | UCS2510 | ||
| 003 | CL-VaPUC | ||
| 008 | 970530e19870000SP |||||||||||||||||spa|d | ||
| 082 | 0 | 4 | |a 843 |b PER |2 21 |
| 100 | |a Perec, Georges |e author |9 603316 | ||
| 245 | 1 | 0 | |a W o el recuerdo de la infancia |
| 300 | |a 180 p | ||
| 942 | |c BK | ||
| 945 | |d 19970530 00:00:00 |a amoreno | ||
| 260 | |a Barcelona |b Penísula |c 1987 | ||
| 650 | 0 | |a Novela francesa |9 264985 | |
| 650 | 0 | |a Niños |9 255605 | |
| 650 | 7 | |a INFANCIA |2 CL-VaPUC |9 388009 | |
| 650 | 0 | |a Biografías |9 255210 | |
| 583 | |a last modification |c 19970530 00:00:00 |k Rodrigo Vera | ||
| 490 | 0 | |a Narrativa, 3 | |
| 999 | |c 260459 |d 260457 | ||
| 952 | |0 0 |1 0 |4 0 |6 843_000000000000000_PER_1987 |7 0 |8 A |9 286609 |a BIBART |b BIBART |d 2019-11-19 |i 3312224 |l 1 |o 843 PER 1987 |p 3312224 |r 2025-03-13 |s 2023-03-07 |w 2019-11-19 |y BK |k ART | ||